MDQL
is popping MORE tags! Check the
thread
!
Quizzes
Events
Quiz Creation
Community
Videos
Private Events
Remove Ads
Sign In
Join for FREE
Feedback
Dark Mode
Quiz Categories
Sports
Geography
Music
Movies
Television
Just For Fun
Miscellaneous
History
Literature
Language
Science
Gaming
Entertainment
Religion
Holiday
For Kids
Quiz Lab
Recent
Popular Today
Quiz Kudos Today
Editor Picks
Curator Picks
Quizzes by...
Day
Popularity
Type
Ratings
Length
Year
Community
Subscriptions
Recent Discussions
Orange Saloon
Badges
Playlists
Quests
Create
Leaderboards
Showdown
Live 5
Trivia Bingo
Activity
Puzzle Library
Sporcle Events
Private Events
Virtual Trivia
Globe League
Become a Host
Pub Owners
SporcleCon
Opinionation
Our Games
Videos
Blog
Mobile Apps
Partnerships
Remove Ads and Go Orange
Feedback
Language
Vocabulary
Begins and Ends
Definition
Spanish
French
German
Italian
Chinese
Latin
Translation
Japanese
Language
Vocabulary
Begins and Ends
Definition
Spanish
French
German
Italian
Chinese
Latin
Translation
Japanese
Random Quiz
Search Sporcle
×
Quiz Lab
Quiz Lab
Language
100
Type in answers that appear in a list
Type in answers that appear in a list
Classic
Best Score? Go Orange.
'One' in One Hundred Languages Stats
Can you name the 100 languages based on their word for 'one'?
By
jnogu
10m
100 Questions
78 Plays
78 Plays
78 Plays
Comments
Comments
Give Quiz Kudos
Give Quiz Kudos
-
- Ratings
hide this ad
More Info
Forced Order
Answers have to be entered in order
Answers have to be entered in order
Random Order
Randomize order of answers
Randomize order of answers
Replay
Link that replays current quiz
Next Quiz
Link to next quiz in quiz playlist
You Got
0%
They Got
Avg Score
35%
Avg Friend Score
Upgrade to see
Score Distribution
Jump to the score distribution portion of the page
Score
0/100
Timer
10:00
0
Plays Today
Word for 'One'
Language
% Correct
one
English
87.2%
uno
Italian
85.9%
uno
Spanish
84.6%
eins
German
82.1%
ichi
Japanese
75.6%
un
French
73.1%
een
Dutch
71.8%
um
Portuguese
71.8%
wahid
Arabic
67.9%
unum
Latin
66.7%
unu
Romanian
66.7%
un
Catalan
64.1%
un
Welsh
64.1%
odin
Russian
62.8%
yi
Chinese
59%
yksi
Finnish
59%
een
Afrikaans
56.4%
eins
Yiddish
56.4%
ett
Swedish
55.1%
amháin
Irish
52.6%
een
Flemish
52.6%
një
Albanian
51.3%
jedan
Croatian
51.3%
en
Norwegian
51.3%
jeden
Polish
51.3%
odyn
Ukrainian
51.3%
bir
Turkish
51.3%
jedna
Czech
50%
egy
Hungarian
50%
en
Danish
48.7%
jedan
Serbian
48.7%
jedan
Slovak
48.7%
môt
Vietnamese
48.7%
einn
Icelandic
46.2%
Word for 'One'
Language
% Correct
hana
Korean
44.9%
exad
Hebrew
44.9%
bir
Kazakh
43.6%
eka
Hindi
42.3%
un
Galician
42.3%
éna
Greek
42.3%
bir
Azerbaijani
39.7%
edin
Bulgarian
39.7%
ek
Urdu
39.7%
un
Asturian
38.5%
unu
Corsican
37.2%
eden
Macedonian
35.9%
viens
Latvian
35.9%
moja
Swahili
35.9%
unu
Esperanto
35.9%
bir
Uzbek
35.9%
neung
Lao
35.9%
un
Anglo-Norman
35.9%
satu
Malay
34.6%
éka (ekah)
Sanskrit
33.3%
wieħed
Maltese
33.3%
nèung
Thai
33.3%
vienas
Lithuanian
32.1%
ëks
Estonian
30.8%
satu
Indonesian
29.5%
ert'i
Georgian
29.5%
eka
Gujarati
29.5%
bat
Basque
28.2%
yek
Persian
28.2%
mek
Armenian
26.9%
eka
Bengali
26.9%
ena
Slovenian
23.1%
isa
Tagalog
21.8%
onru
Tamil
21.8%
Word for 'One'
Language
% Correct
bir
Turkmen
20.5%
bir
Crimean Tatar
19.2%
thoun-
nya
Burmese
17.9%
ikk
Punjabi
17.9%
uj
Quechua
16.7%
kunye
Zulu
14.1%
an
Old English
14.1%
yak
Tajik
14.1%
hal/
kow
Somali
14.1%
saquu
Cherokee
12.8%
yonn
Haitian Creole
11.5%
ondu
Kannada
10.3%
khad
Aramaic
10.3%
onan
Cornish
10.3%
yek
Kurdish
10.3%
aon
Scottish Gaelic
9%
adzin
Belorusian
7.7%
in
Romansh
7.7%
dua
Fijian
7.7%
wa'
Klingon
3.8%
ataqan
Aleut
3.8%
pejig
Algonquian
3.8%
juon
Marshallese
3.8%
tasi
Samoan
3.8%
chik
Tibetan
2.6%
okati
Telugu
1.3%
er
Elvish
1.3%
achaffa
Chocktaw
1.3%
ha
Syriac
1.3%
otu
Igbo
0%
tasi
Tuvaluan
0%
üshi
Votic
0%
Quiz Playlist
Details
Report
Send in Message
Add To Playlist
More Info:
The term 'language' is used loosely
Classic:
Type in answers that appear in a list
Forced Order:
Answers have to be entered in order
Random Order:
Randomize order of answers
Last Updated: Feb 16, 2017
Quiz Scoreboard
CHALLENGE
Sign Up to Join the Scoreboard
Show All
Scores
Hide
Comments
May contain spoilers
Recently Published
Find the 'City' Movie
by crazypaving
Movies
60s
5x2 Blitz: Bands
by SL_Kpop136
Music
30s
Colored Red Africa Blitz
by spor1
Geography
30s
More to Explore
Quiz From the Vault
Featured Blog Post
14 Easter Pick-up Lines to Find Eggs With
hide this ad
You Might Also Like...
Tags
100
Today's Top Quizzes in Language
Browse Language
hide this ad
Today's Top Quizzes in 100
Browse 100
Top Contributed Quizzes in Language
1
1-10 Letter F Words III
2
1-10 Letter G Words III
3
1-10 Letter H Words III
4
1-10 Letter I Words III
5
1-10 Letter K Words III
6
1-10 Letter L Words III
7
1-10 Letter M Words III
8
1-10 Letter J Words III
9
1-10 Letter N Words III
10
Greek Alphabet Match
Explore More
Trending Topics
NBA
Kpop
Harry Potter
Disney
Anime
Crossword
Marvel
Soccer
WWE
Country
NFL
Pokémon
Puzzle
Song
The Office
hide this ad
More By:
jnogu
Quiz
Plays
Rating
Category
Featured
Created
'One' in One Hundred Languages
78
5.00
Language
Jun 25, 2011
Go to Creator's Profile
Score Distribution
Quiz Creator Spotlight
jnogu
Follow
Send a Message
Quizzes Created
-
Created Quiz Play Count
-
More By This Creator
Popular Quizzes Today
1
Find the 'City' Movie
2
Colored Red Africa Blitz
3
5x2 Blitz: Bands
4
Find the US States - No Outlines Minefield
5
The Countries of the World
6
Find the US States
7
US States
8
9x9 Crossword: Cartoon Network
More Language Quizzes
Para- or Peri- Words
Published
Trending Quizzes
Colored Red Europe Blitz I
Colored Red Africa Blitz II
Colored Red Europe Blitz II
Colored Red Europe Blitz III
Colored Red Africa Blitz III
Recently Updated
Famous TV Couples
Peacemaker
Champions League XIs: Real Madrid
pecheneg
Largest US Cities 1790-2010
pecheneg
Rides in Walt Disney World
pecheneg
Most Oscar Losses (Acting)
pecheneg
Beyoncé Albums
pecheneg
Leaping Animals
pecheneg
Reality TV Shows (A-Z)
bhenderson79
Rickey Henderson's Hall of Fame Teammates
pecheneg
Champions League XIs: Arsenal
pecheneg
Trending Topics
Crossword
Anime
Kpop
Disney
Harry Potter
NBA
Marvel
Country
Song
Pokémon
WWE
Puzzle
Soccer
The Office
NFL
Your Account Isn't Verified!
In order to create a playlist on Sporcle, you need to verify the email address you used during registration. Go to your
Sporcle Settings
to finish the process.
Report this User
Report this user for behavior that violates our
Community Guidelines
.
Details:
Send Report
Go to the Sporcle.com Mobile Site →
Comments